Catálogo
 En Linea

Fro ; El regreso ; El tercer hijo ; El río Potudán ; Dzhan / (Registro nro. 35919)

Detalles MARC
000 -CABECERA
campo de control de longitud fija 00792nam a2200217 a 4500
001 - NÚMERO DE CONTROL
campo de control 000036428
005 - FECHA Y HORA DE LA ÚLTIMA TRANSACCIÓN
campo de control 20200930075727.0
008 - DATOS DE LONGITUD FIJA--INFORMACIÓN GENERAL
campo de control de longitud fija 120117s1973 sp 000 0 spa d
020 ## - NÚMERO INTERNACIONAL ESTÁNDAR DEL LIBRO
Número Internacional Estándar del Libro 8420630020
040 ## - FUENTE DE LA CATALOGACIÓN
Centro catalogador/agencia de origen DO-SdBNP
100 1# - ENTRADA PRINCIPAL--NOMBRE DE PERSONA
Nombre de persona Platonov, Andreĭ Platonovich, 1899-1951.
9 (RLIN) 62639
245 10 - MENCIÓN DE TÍTULO
Título Fro ; El regreso ; El tercer hijo ; El río Potudán ; Dzhan /
Mención de responsabilidad, etc. Andrei Platónov ; prólogo de Eugueni Evtuchenko ; traducción de Amaya Lacasa.
260 ## - PUBLICACIÓN, DISTRIBUCIÓN, ETC.
Lugar de publicación, distribución, etc. Madrid :
Nombre del editor, distribuidor, etc. Alianza Editorial,
Fecha de publicación, distribución, etc. 1973.
300 ## - DESCRIPCIÓN FÍSICA
Extensión 213 p. ;
Dimensiones 21 cm.
490 1# - MENCIÓN DE SERIE
Mención de serie Alianza Tres ;
Designación de volumen o secuencia 2
505 0# - NOTA DE CONTENIDO CON FORMATO
Título Fro --
-- El regreso --
-- El tercer hijo --
-- El río Potudán --
-- Dzhan--
700 1# - PUNTO DE ACCESO ADICIONAL--NOMBRE DE PERSONA
Nombre de persona Evtuchenko, Eugueni
Término indicativo de función/relación pról.
9 (RLIN) 62640
700 1# - PUNTO DE ACCESO ADICIONAL--NOMBRE DE PERSONA
Nombre de persona Lacasa, Amaya
Término indicativo de función/relación tr.
9 (RLIN) 62641
740 0# - PUNTO DE ACCESO ADICIONAL--TÍTULO RELACIONADO O ANALÍTICO NO CONTROLADO
Título relacionado o analítico no controlado Dzhan
803 #0 -
-- Alianza Tres ;
-- 2
Existencias
Estado de retiro Estado de pérdida Restricciones de uso No para préstamo Código de colección Localización permanente Ubicación/localización actual Ubicación en estantería Fecha de adquisición Número de inventario Total de préstamos Signatura topográfica completa Código de barras Fecha visto por última vez Precio válido a partir de Tipo de ítem Koha
      Excluido de préstamo Monografías: Libros y Folletos General General En catalogación 17.01.2012 LF1   36429-10 25.06.2020 25.06.2020 No se presta

Con tecnología Koha